000 00846nam a2200277Ia 4500
003 GCL
008 140319s9999 xx 000 0 ara d
040 _aGCL /
_cGCL
082 0 4 _a916
_bب و
100 1 _aمحمد حجى (مترجم)
245 1 0 _aوصف افريقيا /
_cمحمد حجى (مترجم)
700 1 _aمحمد الاخضر
700 1 _aليون الافريقى،الحسن بن محمد ا
260 _a[S.N] :
_bدار الغرب الاسلامى ،
_c1983
300 _a338 ص
490 _a
650 0 4 _aالمغرب
650 0 4 _aالجغرافيا التاريخية
650 0 4 _aافريقيا
650 0 4 _aالمدن
650 0 4 _aالرحالة العرب
650 0 4 _aالحضارة الاسلامية
650 0 4 _aالبربر
650 0 4 _aمصر - وصف ورحلات
942 _2ddc
_cBK
999 _c37327
_d37327